Normal view
MARC view
Entry Personal Name
001 - CONTROL NUMBER
- control field: 29603
003 - CONTROL NUMBER IDENTIFIER
- control field: OSt
005 - DATE AND TIME OF LATEST TRANSACTION
- control field: 20211105135300.0
008 - FIXED-LENGTH DATA ELEMENTS
- fixed length control field: 211105|| aca||aabn | a|a d
040 ## - CATALOGING SOURCE
- Original cataloging agency: OSt
- Transcribing agency: OSt
100 ## - HEADING--PERSONAL NAME
- Personal name: Chavez, Miguel, ed
670 ## - SOURCE DATA FOUND
- Source citation: Work cat.: (OSt): International Conference on New Quests in Stellar Astrophysics Mexico 2001 Mar. 26-30 29600, New quests in stellar astrophysics-the link between stars and cosmology, 2002